<?xml version="1.0" encoding="UTF-8"?>
<marc:record xmlns:marc="http://www.loc.gov/MARC21/slim">
   <marc:leader>00000nam a2200000 a 4500</marc:leader>
   <marc:datafield ind1="1" ind2=" " tag="100">
      <marc:subfield code="a">Steinhauer, Erwin</marc:subfield>
      <marc:subfield code="4">aut</marc:subfield>
      <marc:subfield code="e">Verfasser/-in</marc:subfield>
   </marc:datafield>
   <marc:datafield ind1=" " ind2=" " tag="653">
      <marc:subfield code="a">Weihnachtsgeschichten</marc:subfield>
   </marc:datafield>
   <marc:datafield ind1="0" ind2="0" tag="245">
      <marc:subfield code="a">Fröhliche Weihnachterl</marc:subfield>
   </marc:datafield>
   <marc:datafield ind1="0" ind2="0" tag="245">
      <marc:subfield code="b">Eine schöne Bescherung</marc:subfield>
   </marc:datafield>
   <marc:datafield ind1=" " ind2="1" tag="264">
      <marc:subfield code="b">Ueberreuter</marc:subfield>
      <marc:subfield code="c">2017</marc:subfield>
   </marc:datafield>
   <marc:datafield ind1="1" ind2=" " tag="520">
      <marc:subfield code="a">'Gebt's doch bitte endlich alle einen Frieden!' Unter diesem wunderschönen, altösterreichischen Weihnachtsmotto steht das neue Werk der beiden renommierten Psycho-Austrologen Erwin Steinhauer und Fritz Schindlecker. In einfühlsamen Geschichten, humorigen Kurzgeschichten und heiteren Mikro-Dramen wird jener Seelentrost gespendet, den wir alle nach der Zeit der Advent-Einkehr am Punschstandl so dringend benötigen. Nach dem Bestseller 'Wir sind super!', der vielen über die Depression nach der vergeigten Fußball-Europameisterschaft hinweghalf, zaubern nun die 'Fröhlichen Weihnachterln' ein seliges Kinderlächeln in die wettergegerbten Antlitze heimischer Schi-, Rodel- und SchreibtischathletInnen. (Verlagsangabe)</marc:subfield>
   </marc:datafield>
   <marc:datafield ind1=" " ind2=" " tag="020">
      <marc:subfield code="a">9783800076765</marc:subfield>
      <marc:subfield code="9">9783800076765</marc:subfield>
   </marc:datafield>
</marc:record>
